[Event "Team Championship (men blitz)"]
[Site "Sochi"]
[Date "2017.10.05"]
[Round "7.16"]
[White "Bublei, Pavel"]
[Black "Palchun, Grigory"]
[Result "1/2-1/2"]
[LiveChessVersion "1.4.8"]
[BlackElo "2319"]
[WhiteElo "2243"]

1. d4 {[%clk 0:03:02]} Nf6 {[%clk 0:03:03]} 2. c4 {[%clk 0:03:03]} e6
{[%clk 0:03:05]} 3. Nf3 {[%clk 0:03:04]} Bb4+ {[%clk 0:03:04]} 4. Bd2
{[%clk 0:03:05]} Qe7 {[%clk 0:03:05]} 5. Nc3 {[%clk 0:03:05]} Bxc3
{[%clk 0:03:05]} 6. Bxc3 {[%clk 0:03:05]} Ne4 {[%clk 0:03:06]} 7. Rc1
{[%clk 0:02:53]} Nxc3 {[%clk 0:03:03]} 8. Rxc3 d6 9. e3 {[%clk 0:02:41]} e5
{[%clk 0:02:56]} 10. Be2 {[%clk 0:02:37]} O-O {[%clk 0:02:44]} 11. O-O
{[%clk 0:02:36]} e4 {[%clk 0:02:37]} 12. Nd2 {[%clk 0:02:32]} f5 {[%clk 0:02:34]}
13. f4 {[%clk 0:02:26]} Nd7 {[%clk 0:02:17]} 14. b4 {[%clk 0:01:59]} Kh8
{[%clk 0:02:13]} 15. c5 {[%clk 0:01:57]} Nf6 {[%clk 0:01:41]} 16. Nc4
{[%clk 0:01:12]} Be6 {[%clk 0:01:31]} 17. Qc1 {[%clk 0:01:02]} Bxc4
{[%clk 0:01:08]} 18. Bxc4 {[%clk 0:01:03]} d5 {[%clk 0:01:09]} 19. Be2
{[%clk 0:01:03]} Rg8 {[%clk 0:01:06]} 20. Rc2 {[%clk 0:00:29]} g5
{[%clk 0:00:45]} 21. fxg5 {[%clk 0:00:30]} Rxg5 {[%clk 0:00:46]} 22. Qe1
{[%clk 0:00:30]} Rag8 {[%clk 0:00:45]} 23. Bd1 {[%clk 0:00:29]} Qg7
{[%clk 0:00:42]} 24. Rff2 {[%clk 0:00:19]} Nd7 {[%clk 0:00:30]} 25. g3
{[%clk 0:00:14]} h5 {[%clk 0:00:22]} 26. Rf4 {[%clk 0:00:16]} Nf8
{[%clk 0:00:20]} 27. Rcf2 {[%clk 0:00:15]} Qg6 {[%clk 0:00:15]} 28. Kh1
{[%clk 0:00:11]} Ne6 29. Rh4 Kg7 {[%clk 0:00:13]} 30. Qf1 {[%clk 0:00:13]} Kf8
{[%clk 0:00:13]} 31. Qh3 {[%clk 0:00:13]} Rh8 {[%clk 0:00:12]} 32. Qf1
{[%clk 0:00:11]} Ke7 {[%clk 0:00:12]} 33. Qh3 {[%clk 0:00:11]} Kd8
{[%clk 0:00:09]} 34. a4 {[%clk 0:00:12]} 1/2-1/2

[Event "Team Championship (men blitz)"]
[Site "Sochi"]
[Date "2017.10.05"]
[Round "7.17"]
[White "Triapishko, Alexandr"]
[Black "Grachev, Boris"]
[Result "0-1"]
[LiveChessVersion "1.4.8"]
[BlackElo "2625"]
[WhiteElo "2396"]

1. e4 {[%clk 0:03:03]} c5 {[%clk 0:03:04]} 2. Nf3 {[%clk 0:03:04]} e6
{[%clk 0:03:05]} 3. d4 {[%clk 0:03:04]} cxd4 {[%clk 0:03:06]} 4. Nxd4
{[%clk 0:03:05]} Nc6 {[%clk 0:03:07]} 5. Nc3 a6 6. Be3 {[%clk 0:02:56]} Nf6
{[%clk 0:03:10]} 7. Nxc6 {[%clk 0:02:33]} bxc6 {[%clk 0:03:10]} 8. e5
{[%clk 0:02:30]} Nd5 {[%clk 0:03:11]} 9. Nxd5 {[%clk 0:02:31]} cxd5
{[%clk 0:03:12]} 10. Bd4 {[%clk 0:02:20]} d6 {[%clk 0:02:46]} 11. exd6
{[%clk 0:02:14]} Qxd6 {[%clk 0:02:45]} 12. Qe2 {[%clk 0:01:50]} Qb4+
{[%clk 0:02:08]} 13. c3 {[%clk 0:01:50]} Qa5 {[%clk 0:01:45]} 14. g3
{[%clk 0:01:46]} Bd7 {[%clk 0:01:35]} 15. a4 {[%clk 0:01:28]} Bb5
{[%clk 0:01:00]} 16. Qe3 {[%clk 0:01:18]} Bxf1 {[%clk 0:00:34]} 17. Rxf1
{[%clk 0:01:19]} Rb8 {[%clk 0:00:26]} 18. b4 {[%clk 0:01:17]} Qc7
{[%clk 0:00:23]} 19. f4 {[%clk 0:01:13]} Bd6 {[%clk 0:00:18]} 20. Bxg7 Rg8 21.
Bd4 {[%clk 0:01:07]} h5 {[%clk 0:00:20]} 22. Kf2 {[%clk 0:00:46]} h4
{[%clk 0:00:20]} 23. Rg1 {[%clk 0:00:47]} Kd7 {[%clk 0:00:18]} 24. Qe2
{[%clk 0:00:38]} Bxf4 {[%clk 0:00:10]} 25. gxf4 {[%clk 0:00:30]} Qxf4+
{[%clk 0:00:10]} 26. Qf3 {[%clk 0:00:28]} Qd2+ {[%clk 0:00:04]} 27. Kf1
{[%clk 0:00:29]} Rxg1+ {[%clk 0:00:05]} 28. Kxg1 {[%clk 0:00:26]} Rg8+
{[%clk 0:00:05]} 29. Kh1 {[%clk 0:00:27]} f5 {[%clk 0:00:07]} 30. Rd1
{[%clk 0:00:26]} Qc2 {[%clk 0:00:07]} 31. a5 {[%clk 0:00:24]} h3 {[%clk 0:00:07]}
32. Rg1 {[%clk 0:00:24]} Rxg1+ {[%clk 0:00:04]} 33. Kxg1 {[%clk 0:00:25]} f4
{[%clk 0:00:04]} 34. Qg4 {[%clk 0:00:15]} Qc1+ {[%clk 0:00:04]} 35. Kf2
{[%clk 0:00:16]} Qd2+ {[%clk 0:00:05]} 36. Kf3 {[%clk 0:00:15]} Qxh2
{[%clk 0:00:04]} 37. Qg7+ {[%clk 0:00:08]} Kc6 {[%clk 0:00:05]} 38. Qf7
{[%clk 0:00:06]} Qg2+ {[%clk 0:00:06]} 39. Kxf4 {[%clk 0:00:06]} Qf1+
{[%clk 0:00:07]} 0-1

[Event "Team Championship (men blitz)"]
[Site "Sochi"]
[Date "2017.10.05"]
[Round "7.18"]
[White "Popov, Ivan"]
[Black "Chos, Alexey"]
[Result "1-0"]
[LiveChessVersion "1.4.8"]
[BlackElo "2354"]
[WhiteElo "2607"]

1. e4 {[%clk 0:03:03]} c5 {[%clk 0:03:02]} 2. Nf3 {[%clk 0:03:04]} d6
{[%clk 0:03:04]} 3. d4 {[%clk 0:03:05]} cxd4 {[%clk 0:03:05]} 4. Qxd4
{[%clk 0:03:06]} Nc6 {[%clk 0:03:06]} 5. Bb5 Bd7 6. Qd3 {[%clk 0:03:08]} a6
{[%clk 0:03:06]} 7. Bxc6 {[%clk 0:03:09]} Bxc6 {[%clk 0:03:07]} 8. c4
{[%clk 0:03:10]} Nf6 {[%clk 0:03:04]} 9. Nc3 {[%clk 0:03:10]} g6 {[%clk 0:03:01]}
10. O-O {[%clk 0:03:10]} Bg7 {[%clk 0:03:03]} 11. Nd4 {[%clk 0:03:10]} O-O
{[%clk 0:03:02]} 12. f3 {[%clk 0:03:11]} Rc8 {[%clk 0:03:01]} 13. Be3
{[%clk 0:03:11]} Nd7 {[%clk 0:02:58]} 14. Rac1 {[%clk 0:03:01]} h5
{[%clk 0:02:53]} 15. Rfd1 {[%clk 0:02:55]} Ne5 {[%clk 0:02:46]} 16. Qe2
{[%clk 0:02:56]} e6 {[%clk 0:02:35]} 17. b3 {[%clk 0:02:15]} Qe7 {[%clk 0:02:26]}
18. Qd2 {[%clk 0:02:16]} f5 {[%clk 0:02:14]} 19. Bg5 {[%clk 0:02:09]} Qf7
{[%clk 0:02:14]} 20. Rf1 {[%clk 0:01:53]} f4 {[%clk 0:02:12]} 21. Nxc6
{[%clk 0:01:46]} Rxc6 {[%clk 0:02:12]} 22. Ne2 {[%clk 0:01:46]} Bf6
{[%clk 0:01:35]} 23. Bxf4 {[%clk 0:01:41]} h4 {[%clk 0:01:32]} 24. Bh6
{[%clk 0:01:38]} Rfc8 {[%clk 0:01:32]} 25. h3 {[%clk 0:01:35]} Kh7
{[%clk 0:01:30]} 26. Bg5 {[%clk 0:01:32]} Qe7 {[%clk 0:01:29]} 27. Bxf6
{[%clk 0:01:32]} Qxf6 {[%clk 0:01:29]} 28. f4 {[%clk 0:01:33]} Nf7
{[%clk 0:01:25]} 29. Nd4 {[%clk 0:01:31]} Rc5 {[%clk 0:01:22]} 30. Nf3
{[%clk 0:01:28]} b5 {[%clk 0:01:20]} 31. cxb5 {[%clk 0:01:20]} axb5
{[%clk 0:01:17]} 32. e5 {[%clk 0:01:16]} Qe7 {[%clk 0:01:01]} 33. exd6
{[%clk 0:01:10]} Qxd6 {[%clk 0:01:00]} 34. Ng5+ {[%clk 0:01:07]} Kg8
{[%clk 0:00:55]} 35. Qxd6 {[%clk 0:00:57]} Nxd6 {[%clk 0:00:53]} 36. Rce1
{[%clk 0:00:53]} Nf5 {[%clk 0:00:44]} 37. Rxe6 {[%clk 0:00:51]} Kg7
{[%clk 0:00:45]} 38. Nf3 {[%clk 0:00:35]} R8c6 {[%clk 0:00:39]} 39. Rxc6
{[%clk 0:00:30]} Rxc6 {[%clk 0:00:41]} 40. Rd1 {[%clk 0:00:25]} Rc2
{[%clk 0:00:31]} 41. Rd2 {[%clk 0:00:27]} Rc1+ {[%clk 0:00:30]} 42. Kf2
{[%clk 0:00:28]} Kf7 {[%clk 0:00:26]} 43. Ke2 {[%clk 0:00:23]} Ng3+
{[%clk 0:00:25]} 44. Kd3 {[%clk 0:00:24]} Nf5 {[%clk 0:00:21]} 45. Re2
{[%clk 0:00:18]} b4 {[%clk 0:00:17]} 46. Ne5+ {[%clk 0:00:15]} Kg7
{[%clk 0:00:17]} 47. Nf3 {[%clk 0:00:11]} Rd1+ {[%clk 0:00:16]} 48. Kc4
{[%clk 0:00:11]} Ng3 {[%clk 0:00:08]} 49. Rd2 Rc1+ {[%clk 0:00:05]} 50. Kxb4
{[%clk 0:00:10]} Ne4 {[%clk 0:00:00]} 51. Rb2 {[%clk 0:00:10]} Nc3
{[%clk 0:00:00]} 52. a4 {[%clk 0:00:10]} Nd5+ {[%clk 0:00:00]} 53. Kb5
{[%clk 0:00:10]} Nc7+ {[%clk 0:00:00]} 54. Ka5 {[%clk 0:00:10]} Rc6
{[%clk 0:00:00]} 55. Nd4 {[%clk 0:00:10]} Ra6+ 1-0

[Event "Team Championship (men blitz)"]
[Site "Sochi"]
[Date "2017.10.05"]
[Round "7.19"]
[White "Jary, Sergey"]
[Black "Kobalia, Mikhail"]
[Result "0-1"]
[LiveChessVersion "1.4.8"]
[BlackElo "2568"]
[WhiteElo "2333"]

1. Nf3 {[%clk 0:03:03]} d5 {[%clk 0:03:03]} 2. g3 {[%clk 0:03:05]} Nf6
{[%clk 0:03:04]} 3. Bg2 {[%clk 0:03:06]} c6 {[%clk 0:03:05]} 4. O-O Bg4 5. d3
{[%clk 0:03:06]} Nbd7 {[%clk 0:03:07]} 6. c4 {[%clk 0:03:08]} Bxf3
{[%clk 0:03:01]} 7. exf3 {[%clk 0:03:08]} e6 {[%clk 0:02:58]} 8. f4
{[%clk 0:03:08]} Be7 {[%clk 0:02:59]} 9. Nc3 {[%clk 0:03:08]} O-O
{[%clk 0:03:00]} 10. b3 {[%clk 0:03:06]} a5 {[%clk 0:03:01]} 11. Re1
{[%clk 0:03:02]} Re8 {[%clk 0:03:01]} 12. Bd2 {[%clk 0:03:01]} Nc5
{[%clk 0:03:02]} 13. Qc2 {[%clk 0:03:01]} dxc4 {[%clk 0:02:58]} 14. dxc4
{[%clk 0:02:57]} Qd3 {[%clk 0:02:59]} 15. Qxd3 {[%clk 0:02:49]} Nxd3
{[%clk 0:03:00]} 16. Re2 {[%clk 0:02:51]} Rad8 {[%clk 0:02:38]} 17. Ne4
{[%clk 0:02:47]} Bb4 {[%clk 0:02:33]} 18. Bxb4 {[%clk 0:02:33]} axb4
{[%clk 0:02:32]} 19. Nxf6+ {[%clk 0:02:16]} gxf6 {[%clk 0:02:33]} 20. Rd2
{[%clk 0:02:11]} Nc5 {[%clk 0:02:15]} 21. Rad1 {[%clk 0:02:12]} Rxd2
{[%clk 0:02:15]} 22. Rxd2 {[%clk 0:02:13]} f5 {[%clk 0:02:14]} 23. Kf1
{[%clk 0:01:57]} Kf8 {[%clk 0:02:14]} 24. Ke2 {[%clk 0:01:50]} Ke7
{[%clk 0:02:16]} 25. Kd1 {[%clk 0:01:51]} f6 {[%clk 0:02:17]} 26. Kc2
{[%clk 0:01:45]} Rg8 {[%clk 0:01:54]} 27. Bf3 {[%clk 0:01:37]} e5
{[%clk 0:01:54]} 28. Re2 {[%clk 0:01:30]} Ke6 {[%clk 0:01:49]} 29. Re3
{[%clk 0:01:18]} Kd6 {[%clk 0:01:49]} 30. fxe5+ {[%clk 0:01:12]} fxe5
{[%clk 0:01:49]} 31. Re1 {[%clk 0:01:07]} e4 {[%clk 0:01:50]} 32. Be2
{[%clk 0:01:02]} Ke5 {[%clk 0:01:51]} 33. Kd2 {[%clk 0:00:57]} Ra8
{[%clk 0:01:51]} 34. Ke3 {[%clk 0:00:56]} Rxa2 {[%clk 0:01:51]} 35. f4+
{[%clk 0:00:57]} Kf6 {[%clk 0:01:46]} 36. Rb1 {[%clk 0:00:58]} b6
{[%clk 0:01:42]} 37. h3 {[%clk 0:00:58]} Rc2 {[%clk 0:01:41]} 38. g4
{[%clk 0:00:49]} Rc3+ {[%clk 0:01:42]} 39. Kf2 {[%clk 0:00:49]} Rxb3
{[%clk 0:01:38]} 40. Ra1 {[%clk 0:00:46]} Ra3 {[%clk 0:01:39]} 41. Rd1
{[%clk 0:00:46]} Ke5 0-1

[Event "Team Championship (men blitz)"]
[Site "Sochi"]
[Date "2017.10.05"]
[Round "7.20"]
[White "Motylev, Alexander"]
[Black "Linker, Mikhail"]
[Result "1/2-1/2"]
[LiveChessVersion "1.4.8"]
[BlackElo "2268"]
[WhiteElo "2551"]

1. e4 {[%clk 0:03:02]} c5 {[%clk 0:03:04]} 2. Nf3 {[%clk 0:03:03]} d6
{[%clk 0:03:05]} 3. d4 {[%clk 0:03:04]} cxd4 {[%clk 0:03:06]} 4. Nxd4
{[%clk 0:03:05]} Nf6 {[%clk 0:03:07]} 5. Nc3 {[%clk 0:03:05]} g6 {[%clk 0:03:09]}
6. Be3 {[%clk 0:03:06]} Bg7 {[%clk 0:03:10]} 7. f3 {[%clk 0:03:05]} O-O
{[%clk 0:03:10]} 8. Qd2 {[%clk 0:03:05]} Nc6 {[%clk 0:03:11]} 9. Bc4
{[%clk 0:03:00]} Bd7 {[%clk 0:03:10]} 10. h4 {[%clk 0:03:01]} Qa5
{[%clk 0:02:53]} 11. g4 {[%clk 0:02:41]} Ne5 {[%clk 0:02:53]} 12. Be2
{[%clk 0:02:38]} Rfc8 {[%clk 0:02:41]} 13. h5 {[%clk 0:02:38]} Nc4
{[%clk 0:02:07]} 14. Bxc4 {[%clk 0:02:37]} Rxc4 {[%clk 0:02:08]} 15. hxg6
{[%clk 0:02:36]} fxg6 {[%clk 0:02:00]} 16. Nb3 {[%clk 0:02:22]} Qc7
{[%clk 0:01:46]} 17. Bd4 {[%clk 0:02:22]} Rc8 {[%clk 0:01:21]} 18. g5
{[%clk 0:01:49]} Nh5 {[%clk 0:01:15]} 19. Nd5 {[%clk 0:01:48]} Qd8
{[%clk 0:01:06]} 20. Bxg7 {[%clk 0:01:45]} Kxg7 {[%clk 0:01:05]} 21. c3
{[%clk 0:01:43]} Qf8 {[%clk 0:00:56]} 22. O-O-O {[%clk 0:01:29]} Be6
{[%clk 0:00:50]} 23. Ne3 {[%clk 0:01:25]} Ra4 {[%clk 0:00:45]} 24. Nd4
{[%clk 0:01:23]} Qf7 {[%clk 0:00:22]} 25. a3 {[%clk 0:01:21]} b5 {[%clk 0:00:18]}
26. Nxb5 {[%clk 0:01:02]} Bb3 {[%clk 0:00:15]} 27. Nd4 {[%clk 0:00:58]} Bxd1
{[%clk 0:00:15]} 28. Qxd1 {[%clk 0:00:58]} Ra5 {[%clk 0:00:14]} 29. Nd5
{[%clk 0:00:51]} Rxd5 {[%clk 0:00:14]} 30. exd5 {[%clk 0:00:51]} Qxd5
{[%clk 0:00:15]} 31. Kb1 {[%clk 0:00:43]} Rb8 {[%clk 0:00:14]} 32. Re1
{[%clk 0:00:38]} Qb7 {[%clk 0:00:12]} 33. Ne6+ {[%clk 0:00:36]} Kg8
{[%clk 0:00:12]} 34. Qe2 {[%clk 0:00:29]} Ng3 {[%clk 0:00:13]} 35. Qd2
{[%clk 0:00:22]} Qxf3 {[%clk 0:00:13]} 36. Ka1 {[%clk 0:00:21]} Ne4
{[%clk 0:00:13]} 37. Qe3 {[%clk 0:00:19]} Qxe3 {[%clk 0:00:13]} 38. Rxe3
{[%clk 0:00:20]} Nc5 {[%clk 0:00:13]} 39. Nxc5 {[%clk 0:00:20]} dxc5
{[%clk 0:00:14]} 40. Rxe7 {[%clk 0:00:21]} Rf8 {[%clk 0:00:13]} 41. Rxa7
{[%clk 0:00:18]} Rf5 {[%clk 0:00:14]} 42. b4 {[%clk 0:00:18]} cxb4
{[%clk 0:00:14]} 43. axb4 {[%clk 0:00:13]} Rxg5 {[%clk 0:00:16]} 44. Kb2 h5 45.
c4 {[%clk 0:00:15]} h4 {[%clk 0:00:19]} 46. b5 {[%clk 0:00:16]} h3
{[%clk 0:00:20]} 47. b6 {[%clk 0:00:17]} Rg2+ {[%clk 0:00:10]} 48. Kb3
{[%clk 0:00:18]} Rg1 {[%clk 0:00:11]} 49. Ra2 {[%clk 0:00:09]} Rb1+
{[%clk 0:00:10]} 50. Rb2 {[%clk 0:00:09]} Rxb2+ {[%clk 0:00:11]} 51. Kxb2
{[%clk 0:00:10]} h2 {[%clk 0:00:12]} 52. b7 {[%clk 0:00:11]} h1=Q
{[%clk 0:00:13]} 53. b8=Q+ {[%clk 0:00:11]} Kf7 {[%clk 0:00:13]} 54. Qf4+
{[%clk 0:00:10]} Ke7 {[%clk 0:00:12]} 55. Qe5+ {[%clk 0:00:11]} Kd7
{[%clk 0:00:11]} 56. Qg7+ {[%clk 0:00:08]} Kc6 {[%clk 0:00:09]} 57. Qxg6+
{[%clk 0:00:05]} Kc5 {[%clk 0:00:10]} 58. Qd3 {[%clk 0:00:06]} Qg2+
{[%clk 0:00:09]} 59. Kc3 {[%clk 0:00:07]} Qg7+ {[%clk 0:00:10]} 60. Kb3
{[%clk 0:00:08]} Qb7+ {[%clk 0:00:12]} 61. Kc2 {[%clk 0:00:10]} Qg2+
{[%clk 0:00:13]} 62. Kc3 {[%clk 0:00:07]} Qg7+ {[%clk 0:00:14]} 63. Kd2
{[%clk 0:00:06]} Qb2+ {[%clk 0:00:15]} 64. Ke3 {[%clk 0:00:07]} Qe5+
{[%clk 0:00:16]} 65. Kf3 {[%clk 0:00:08]} Qd4 {[%clk 0:00:15]} 66. Qxd4+
{[%clk 0:00:06]} Kxd4 {[%clk 0:00:16]} 67. c5 {[%clk 0:00:07]} Kxc5
{[%clk 0:00:18]} 68. Ke4 1/2-1/2

[Event "Team Championship (men blitz)"]
[Site "Sochi"]
[Date "2017.10.05"]
[Round "7.21"]
[White "Pogromsky, Mikhail"]
[Black "Sarana, Alexey"]
[Result "1-0"]
[LiveChessVersion "1.4.8"]
[BlackElo "2574"]
[WhiteElo "2450"]

1. Nf3 {[%clk 0:03:03]} Nf6 {[%clk 0:03:03]} 2. c4 {[%clk 0:03:04]} g6
{[%clk 0:03:03]} 3. Nc3 {[%clk 0:03:05]} d5 {[%clk 0:03:04]} 4. Qa4+
{[%clk 0:03:06]} Bd7 {[%clk 0:02:54]} 5. Qb3 {[%clk 0:03:07]} dxc4
{[%clk 0:02:54]} 6. Qxc4 {[%clk 0:03:08]} Bg7 {[%clk 0:02:54]} 7. e4
{[%clk 0:03:07]} Be6 {[%clk 0:02:49]} 8. Qb5+ {[%clk 0:03:00]} Nbd7
{[%clk 0:02:43]} 9. e5 {[%clk 0:02:55]} Ng4 {[%clk 0:02:41]} 10. d4
{[%clk 0:02:56]} O-O {[%clk 0:02:13]} 11. h3 {[%clk 0:02:36]} Nh6
{[%clk 0:02:14]} 12. Bf4 {[%clk 0:02:29]} c6 {[%clk 0:01:54]} 13. Qd3
{[%clk 0:02:23]} b5 {[%clk 0:01:44]} 14. Qd2 {[%clk 0:02:20]} Nf5
{[%clk 0:01:29]} 15. g4 {[%clk 0:02:18]} b4 {[%clk 0:01:30]} 16. Ne4
{[%clk 0:01:53]} Bd5 {[%clk 0:01:29]} 17. Bd3 {[%clk 0:01:53]} f6
{[%clk 0:01:13]} 18. e6 {[%clk 0:01:35]} Nb6 {[%clk 0:00:56]} 19. gxf5 gxf5
{[%clk 0:00:58]} 20. Bh6 {[%clk 0:01:35]} Bxh6 {[%clk 0:00:31]} 21. Qxh6
{[%clk 0:01:32]} Kh8 {[%clk 0:00:32]} 22. Neg5 {[%clk 0:01:29]} 1-0

[Event "Team Championship (men blitz)"]
[Site "Sochi"]
[Date "2017.10.05"]
[Round "7.22"]
[White "Demidov, Mikhail"]
[Black "Vokarev, Sergey"]
[Result "1-0"]
[LiveChessVersion "1.4.8"]
[BlackElo "2427"]
[WhiteElo "2555"]

1. Nf3 {[%clk 0:03:02]} Nf6 {[%clk 0:03:03]} 2. g3 {[%clk 0:03:04]} e6
{[%clk 0:03:02]} 3. Bg2 {[%clk 0:03:05]} d5 {[%clk 0:03:03]} 4. O-O Be7 5. d3
{[%clk 0:03:05]} c5 {[%clk 0:03:04]} 6. c4 {[%clk 0:03:03]} Nc6 {[%clk 0:03:02]}
7. b3 {[%clk 0:03:00]} O-O {[%clk 0:03:01]} 8. Bb2 {[%clk 0:03:00]} d4
{[%clk 0:03:01]} 9. e4 {[%clk 0:02:55]} a6 {[%clk 0:02:44]} 10. Nbd2
{[%clk 0:02:37]} Rb8 {[%clk 0:02:42]} 11. e5 {[%clk 0:02:27]} Nd7
{[%clk 0:02:40]} 12. Qe2 {[%clk 0:02:28]} Qc7 {[%clk 0:02:37]} 13. Rfe1
{[%clk 0:02:30]} b5 {[%clk 0:02:31]} 14. h4 {[%clk 0:02:30]} Nb6 {[%clk 0:02:26]}
15. Nf1 {[%clk 0:02:21]} bxc4 {[%clk 0:02:25]} 16. dxc4 {[%clk 0:02:22]} a5
{[%clk 0:02:23]} 17. N1h2 {[%clk 0:02:16]} a4 {[%clk 0:02:23]} 18. Ng4
{[%clk 0:02:09]} axb3 {[%clk 0:02:19]} 19. axb3 {[%clk 0:02:10]} Nb4
{[%clk 0:02:16]} 20. Bc1 {[%clk 0:01:51]} d3 {[%clk 0:02:07]} 21. Qe4
{[%clk 0:01:45]} Bb7 {[%clk 0:02:03]} 22. Qf4 {[%clk 0:01:41]} Nc2
{[%clk 0:01:55]} 23. Bd2 {[%clk 0:01:24]} Nxa1 {[%clk 0:01:49]} 24. Rxa1
{[%clk 0:01:25]} Ra8 {[%clk 0:01:41]} 25. Rd1 {[%clk 0:01:26]} f5
{[%clk 0:01:39]} 26. exf6 {[%clk 0:01:16]} Qxf4 {[%clk 0:01:39]} 27. Bxf4
{[%clk 0:01:12]} gxf6 {[%clk 0:01:33]} 28. Bc7 {[%clk 0:01:02]} Rfc8
{[%clk 0:00:59]} 29. Bxb6 {[%clk 0:01:00]} Ra6 {[%clk 0:01:00]} 30. Bxc5
{[%clk 0:00:24]} Rxc5 {[%clk 0:00:31]} 31. Rxd3 {[%clk 0:00:25]} Bc6
{[%clk 0:00:25]} 32. Rd1 {[%clk 0:00:19]} Rb6 {[%clk 0:00:21]} 33. Rd3
{[%clk 0:00:17]} e5 {[%clk 0:00:20]} 34. Nd2 {[%clk 0:00:14]} Bxg2
{[%clk 0:00:18]} 35. Kxg2 {[%clk 0:00:16]} Kf7 {[%clk 0:00:15]} 36. Ne3
{[%clk 0:00:15]} Ra5 {[%clk 0:00:13]} 37. Nf5 {[%clk 0:00:12]} Rb7
{[%clk 0:00:10]} 38. g4 {[%clk 0:00:13]} Ra2 {[%clk 0:00:10]} 39. Ne4
{[%clk 0:00:14]} Ke6 {[%clk 0:00:04]} 40. c5 {[%clk 0:00:12]} Rb2 1-0

[Event "Team Championship (men blitz)"]
[Site "Sochi"]
[Date "2017.10.05"]
[Round "7.23"]
[White "Kozlov, Oleg"]
[Black "Lugovskoy, Maxim"]
[Result "1-0"]
[LiveChessVersion "1.4.8"]
[BlackElo "2512"]
[WhiteElo "2286"]

1. c4 {[%clk 0:03:03]} e6 {[%clk 0:03:04]} 2. Nf3 {[%clk 0:03:03]} d5
{[%clk 0:03:05]} 3. g3 {[%clk 0:03:05]} Nf6 {[%clk 0:03:06]} 4. Bg2
{[%clk 0:03:06]} d4 {[%clk 0:03:07]} 5. O-O c5 6. d3 {[%clk 0:02:59]} Nc6
{[%clk 0:03:10]} 7. a3 {[%clk 0:02:59]} a5 {[%clk 0:03:11]} 8. e3
{[%clk 0:02:54]} e5 {[%clk 0:03:11]} 9. exd4 {[%clk 0:02:51]} cxd4
{[%clk 0:03:11]} 10. Re1 {[%clk 0:02:53]} Bd6 {[%clk 0:03:13]} 11. c5
{[%clk 0:02:38]} Bc7 {[%clk 0:03:12]} 12. Nbd2 {[%clk 0:02:38]} O-O
{[%clk 0:03:13]} 13. Nc4 {[%clk 0:02:39]} Re8 {[%clk 0:03:14]} 14. Bg5
{[%clk 0:01:57]} h6 {[%clk 0:03:13]} 15. Bxf6 {[%clk 0:01:56]} Qxf6
{[%clk 0:03:15]} 16. Nfd2 {[%clk 0:01:55]} Bf5 {[%clk 0:02:51]} 17. Ne4
{[%clk 0:01:57]} Bxe4 {[%clk 0:02:52]} 18. Bxe4 {[%clk 0:01:58]} Qe7
{[%clk 0:02:47]} 19. Rc1 {[%clk 0:01:07]} g6 {[%clk 0:02:12]} 20. Qf3
{[%clk 0:00:58]} Qd7 {[%clk 0:02:06]} 21. Re2 {[%clk 0:00:43]} Kg7
{[%clk 0:02:06]} 22. Rce1 {[%clk 0:00:43]} f6 {[%clk 0:01:57]} 23. h4
{[%clk 0:00:42]} h5 {[%clk 0:01:51]} 24. Bxc6 {[%clk 0:00:43]} Qxc6
{[%clk 0:01:48]} 25. Qxc6 {[%clk 0:00:43]} bxc6 {[%clk 0:01:50]} 26. f4
{[%clk 0:00:43]} Re6 {[%clk 0:01:34]} 27. fxe5 {[%clk 0:00:40]} fxe5
{[%clk 0:01:33]} 28. Re4 {[%clk 0:00:35]} Rf8 {[%clk 0:01:24]} 29. Kg2
{[%clk 0:00:34]} Ref6 {[%clk 0:01:23]} 30. R1e2 {[%clk 0:00:35]} Rf3
{[%clk 0:01:23]} 31. Rd2 {[%clk 0:00:27]} R8f5 {[%clk 0:01:05]} 32. b4
{[%clk 0:00:28]} axb4 {[%clk 0:01:06]} 33. axb4 {[%clk 0:00:30]} Rf1
{[%clk 0:01:07]} 34. Ree2 {[%clk 0:00:17]} g5 {[%clk 0:00:33]} 35. hxg5
{[%clk 0:00:15]} Rc1 {[%clk 0:00:29]} 36. Ra2 {[%clk 0:00:14]} Rxg5
{[%clk 0:00:27]} 37. Ra7 {[%clk 0:00:15]} h4 {[%clk 0:00:24]} 38. Rxc7+
{[%clk 0:00:16]} Kh6 {[%clk 0:00:09]} 39. Nxe5 {[%clk 0:00:08]} Rxg3+
{[%clk 0:00:09]} 40. Kh2 {[%clk 0:00:10]} Rgg1 {[%clk 0:00:08]} 41. Rf2
{[%clk 0:00:10]} Rh1+ {[%clk 0:00:08]} 42. Kg2 {[%clk 0:00:12]} h3+
{[%clk 0:00:09]} 43. Kf3 {[%clk 0:00:13]} Kg5 {[%clk 0:00:07]} 44. Rf7
{[%clk 0:00:14]} h2 {[%clk 0:00:07]} 45. Rg2+ {[%clk 0:00:15]} Kh6
{[%clk 0:00:08]} 46. Rf6+ {[%clk 0:00:15]} Kh7 {[%clk 0:00:08]} 47. Rf7+
{[%clk 0:00:15]} Kh6 {[%clk 0:00:09]} 48. Rg6+ {[%clk 0:00:16]} Kh7 49. Rxh7
{[%clk 0:00:17]} 1-0

[Event "Team Championship (men blitz)"]
[Site "Sochi"]
[Date "2017.10.05"]
[Round "7.24"]
[White "Krylov, Mikhail"]
[Black "Ozgibcev, Anatoly"]
[Result "1-0"]
[LiveChessVersion "1.4.8"]
[BlackElo "2354"]
[WhiteElo "2494"]

1. d4 {[%clk 0:03:03]} d5 {[%clk 0:03:02]} 2. c4 {[%clk 0:03:04]} e6
{[%clk 0:03:03]} 3. Nf3 {[%clk 0:03:05]} c5 {[%clk 0:03:04]} 4. cxd5
{[%clk 0:03:06]} exd5 {[%clk 0:03:05]} 5. g3 {[%clk 0:03:07]} Nc6
{[%clk 0:03:06]} 6. Bg2 {[%clk 0:03:08]} Nf6 {[%clk 0:03:07]} 7. O-O
{[%clk 0:03:09]} cxd4 {[%clk 0:03:08]} 8. Nxd4 {[%clk 0:03:08]} Be7
{[%clk 0:03:09]} 9. Nc3 {[%clk 0:03:07]} O-O {[%clk 0:03:09]} 10. Bf4
{[%clk 0:03:05]} Bg4 {[%clk 0:03:06]} 11. h3 {[%clk 0:02:54]} Be6
{[%clk 0:03:06]} 12. Rc1 {[%clk 0:02:47]} Rc8 {[%clk 0:03:06]} 13. Kh2
{[%clk 0:02:41]} Qd7 {[%clk 0:02:58]} 14. Qd2 {[%clk 0:02:39]} Rfd8
{[%clk 0:02:53]} 15. Rfd1 {[%clk 0:02:26]} h6 {[%clk 0:02:12]} 16. Be3
{[%clk 0:02:19]} Bb4 {[%clk 0:01:56]} 17. Qd3 {[%clk 0:02:08]} Ne5
{[%clk 0:01:45]} 18. Qb1 {[%clk 0:02:09]} Nc6 {[%clk 0:01:23]} 19. Ncb5
{[%clk 0:02:06]} a6 {[%clk 0:01:14]} 20. Nxe6 {[%clk 0:02:00]} fxe6
{[%clk 0:01:11]} 21. Nd4 {[%clk 0:02:00]} Kf7 {[%clk 0:01:04]} 22. Nf3
{[%clk 0:01:47]} Bd6 {[%clk 0:00:58]} 23. Nh4 {[%clk 0:01:48]} Ne7
{[%clk 0:00:59]} 24. Bb6 {[%clk 0:01:39]} Rxc1 {[%clk 0:00:55]} 25. Rxc1
{[%clk 0:01:39]} Rc8 {[%clk 0:00:56]} 26. Rd1 {[%clk 0:01:38]} Qb5
{[%clk 0:00:53]} 27. Bd4 {[%clk 0:01:27]} Qxe2 {[%clk 0:00:42]} 28. Re1
{[%clk 0:01:07]} Qc2 {[%clk 0:00:41]} 29. Qa1 {[%clk 0:01:03]} Nc6
{[%clk 0:00:34]} 30. Rc1 {[%clk 0:00:56]} Qa4 {[%clk 0:00:24]} 31. Bxf6
{[%clk 0:00:51]} Kxf6 {[%clk 0:00:13]} 32. b3+ {[%clk 0:00:52]} Qd4
{[%clk 0:00:14]} 33. Qxd4+ {[%clk 0:00:52]} Nxd4 {[%clk 0:00:15]} 34. Rxc8
{[%clk 0:00:53]} 1-0

[Event "Team Championship (men blitz)"]
[Site "Sochi"]
[Date "2017.10.05"]
[Round "7.25"]
[White "Kryakvin, Dmitry"]
[Black "Moskalenko, Alexander"]
[Result "1/2-1/2"]
[LiveChessVersion "1.4.8"]
[BlackElo "2580"]
[WhiteElo "2483"]

1. d4 {[%clk 0:03:03]} Nf6 {[%clk 0:02:59]} 2. c4 {[%clk 0:03:04]} e6
{[%clk 0:03:00]} 3. Nf3 {[%clk 0:03:05]} d5 {[%clk 0:02:58]} 4. Bg5
{[%clk 0:03:05]} Be7 {[%clk 0:02:45]} 5. e3 {[%clk 0:03:05]} h6 {[%clk 0:02:44]}
6. Bh4 {[%clk 0:03:03]} O-O {[%clk 0:02:42]} 7. Nc3 {[%clk 0:03:04]} Nbd7
{[%clk 0:02:41]} 8. cxd5 {[%clk 0:03:03]} Nxd5 {[%clk 0:02:41]} 9. Bxe7
{[%clk 0:02:59]} Qxe7 {[%clk 0:02:40]} 10. Rc1 {[%clk 0:03:00]} Nxc3
{[%clk 0:02:39]} 11. Rxc3 {[%clk 0:02:59]} c6 {[%clk 0:02:38]} 12. Be2
{[%clk 0:03:00]} 1/2-1/2